The law of cooperatives (Record no. 435207)

000 -LEADER
fixed length control field 00312cam a22001217a 4500
008 - FIXED-LENGTH DATA ELEMENTS--GENERAL INFORMATION
fixed length control field 180718b1956 xxu||||| |||| 00| 0 eng d
082 ## - DEWEY DECIMAL CLASSIFICATION NUMBER
Classification number T16x73 P126
100 ## - MAIN ENTRY--PERSONAL NAME
Personal name Packel, Israel
245 ## - TITLE STATEMENT
Title The law of cooperatives
Statement of responsibility, etc. by Israel Packel
260 ## - PUBLICATION, DISTRIBUTION, ETC.
Place of publication, distribution, etc. New York
Name of publisher, distributor, etc. Matthew
Date of publication, distribution, etc. 1956
300 ## - PHYSICAL DESCRIPTION
Extent xii,436p.
650 ## - SUBJECT ADDED ENTRY--TOPICAL TERM
Topical term or geographic name entry element Law
Holdings
Withdrawn status Lost status Damaged status Not for loan Permanent Location Current Location Date acquired Full call number Barcode Date last seen Price effective from Koha item type
        Indian Institute of Public Administration Indian Institute of Public Administration 2010-02-23 T16x73 P126 10463 2018-07-21 2018-07-21 Book

Powered by Koha